000 01161cam a2200325 a 4500
001 16317904
003 OSt
005 20180116183016.0
008 100707s2011 enka b 001 0 eng
010 _a 2010932045
020 _a9781845429713 (hardback)
040 _aDLC
_cDLC
042 _apcc
050 0 0 _aJZ1318
_b.G67958 2011
082 _a337 GOO 2011
100 _aedited by Joachim Ahrens,
245 0 0 _aGood governance in the 21st century :
_bconflict, institutional change, and development in the era of globalization /
_cedited by Joachim Ahrens, Rolf Caspers, and Janina Weingarth.
260 _aCheltenham, UK ;
_aNorthampton, MA :
_bEdward Elgar,
_cc2011.
300 _axii, 374 p. :
_bill. ;
_c25 cm.
490 0 _aNew thinking in political economy
504 _aIncludes bibliographical references (p. 303-355) and index.
650 0 _aGlobalization.
650 0 _aInternational cooperation.
700 1 _aAhrens, Joachim,
_d1963-
700 1 _aCaspers, Rolf.
700 1 _aWeingarth, Janina.
906 _a7
_bcbc
_corignew
_d2
_eepcn
_f20
_gy-gencatlg
942 _2ddc
_cBK
999 _c350379
_d350379